• AIU
  • Tony Wilmot Memorial Library

The Kenya law reports : (Record no. 68783)

MARC details
000 -LEADER
fixed length control field 01041cam a2200301 i 4500
001 - CONTROL NUMBER
control field 21654358
003 - CONTROL NUMBER IDENTIFIER
control field OSt
005 - DATE AND TIME OF LATEST TRANSACTION
control field 20260205162640.0
008 - FIXED-LENGTH DATA ELEMENTS--GENERAL INFORMATION
fixed length control field 200806m20159999ke w f000 0 eng
010 ## - LIBRARY OF CONGRESS CONTROL NUMBER
LC control number 2020339237
020 ## - INTERNATIONAL STANDARD BOOK NUMBER
International Standard Book Number 9966821619
Qualifying information (v. 1)
020 ## - INTERNATIONAL STANDARD BOOK NUMBER
International Standard Book Number 9789966821614
035 ## - SYSTEM CONTROL NUMBER
System control number 21654358
040 ## - CATALOGING SOURCE
Original cataloging agency DLC
Language of cataloging eng
Description conventions rda
Transcribing agency DLC
042 ## - AUTHENTICATION CODE
Authentication code lcode
-- pcc
043 ## - GEOGRAPHIC AREA CODE
Geographic area code f-ke---
050 00 - LIBRARY OF CONGRESS CALL NUMBER
Classification number KSK2300
Item number .A49 2015
245 04 - TITLE STATEMENT
Title The Kenya law reports :
Remainder of title devolution /
Statement of responsibility, etc editor, Long'et Terer.
260 ## - PUBLICATION, DISTRIBUTION, ETC. (IMPRINT)
Place of publication, distribution, etc Nairobi . :
Name of publisher, distributor, etc The National Council for Law Reporting ,
Date of publication, distribution, etc c2015.
300 ## - PHYSICAL DESCRIPTION
Extent volumes ; 662p
Dimensions 24 cm
650 #0 - SUBJECT ADDED ENTRY--TOPICAL TERM
Topical term or geographic name as entry element Decentralization in government
General subdivision Law and legislation
Geographic subdivision Kenya
Form subdivision Cases.
9 (RLIN) 59009
700 1# - ADDED ENTRY--PERSONAL NAME
Personal name Terer, Long'et,
Relator term editor.
9 (RLIN) 58989
710 2# - ADDED ENTRY--CORPORATE NAME
Corporate name or jurisdiction name as entry element National Council for Law Reporting (Kenya),
Relator term publisher.
9 (RLIN) 59000
906 ## - LOCAL DATA ELEMENT F, LDF (RLIN)
a 7
b cbc
c origode
d 2
e ncip
f 20
g y-gencatlg
942 ## - ADDED ENTRY ELEMENTS (KOHA)
Source of classification or shelving scheme Library of Congress Classification
Koha item type Books
Holdings
Withdrawn status Lost status Source of classification or shelving scheme Damaged status Not for loan Collection code Home library Current library Shelving location Date acquired Source of acquisition Cost, normal purchase price Total Checkouts Full call number Barcode Date last seen Copy number Price effective from Koha item type
    Library of Congress Classification     General Circulation AIU/NEGST - Tony Wilmot Memorial Library AIU/NEGST - Tony Wilmot Memorial Library Processing Center 01/23/2026 P - National Council for Law Reporting 34.60   KSK 2300 .A49 2015 Vol. 1 T10962W3232 02/04/2026 1 02/04/2026 Books